| 000 | 00911nam a2200205 a 4500 | ||
|---|---|---|---|
| 001 | 000041758 | ||
| 005 | 20201002035734.0 | ||
| 008 | 131007s2005 sp 000 0 spa d | ||
| 020 | _a8400083385 | ||
| 040 |
_aDO-SdBNP _bspa _cBNPHU |
||
| 100 | 1 |
_aIrurozqui Victoriano, Marta _968608 |
|
| 245 | 1 | 0 |
_aLa mirada esquiva : _breflexiones históricas sobre la interacción del estado y la ciudadanía en los Andes: (Bolivia, Ecuador y Perú), siglo XIX / _cEditado por Marta Irurozqui Victoriano. |
| 260 |
_aMadrid : _bConsejo Superior de Investigaciones Científicas, _c2005. |
||
| 300 |
_a385 p. ; _c25 cm. |
||
| 490 | 1 |
_aBiblioteca de historia de América _v35 |
|
| 504 | _aBibliografía : p. 247-385 | ||
| 504 | _aIncluye referencias bibliográficas y notas al pie de las páginas | ||
| 710 | 2 |
_aConsejo Superior de Investigaciones Científicas, _94786 |
|
| 830 | 0 |
_aBiblioteca de historia de América _v35 _966078 |
|
| 999 |
_c41247 _d41247 |
||